Antonio Dias sobre casas, torres, argila e bronze (Record no. 611)

MARC details
000 -LEADER
campo de control de longitud fija 00510nam a22001337a 4500
008 - DATOS DE LONGITUD FIJA--INFORMACIÓN GENERAL
campo de control de longitud fija 150522b xxu||||| |||| 00| 0 eng d
082 ## - NÚMERO DE LA CLASIFICACIÓN DECIMAL DEWEY
Número de clasificación 708
Número de ítem D 541a
100 ## - ENTRADA PRINCIPAL--NOMBRE DE PERSONA
Nombre de persona Duarte, Paulo Sergio
9 (RLIN) 2440
245 ## - MENCIÓN DEL TÍTULO
Título Antonio Dias sobre casas, torres, argila e bronze
Mención de responsabilidad, etc. Duarte, Paulo Sergio
260 ## - PUBLICACIÓN, DISTRIBUCIÓN, ETC.
Lugar de publicación, distribución, etc. Brasil
Nombre del editor, distribuidor, etc. Galeria Luisa Strina
Fecha de publicación, distribución, etc. 2005
300 ## - DESCRIPCIÓN FÍSICA
Extensión 48 p.
Otras características físicas ill. (col)
Dimensiones 21.5x21.5
650 ## - PUNTO DE ACCESO ADICIONAL DE MATERIA--TÉRMINO DE MATERIA
Subdivisión general Dias, Antonio-1944-Exhibiciones
-- Instalacion-Brazil-Exhibicion
-- Artes-Seculo 20-Brasil
9 (RLIN) 2736
700 ## - ENTRADA AGREGADA--NOMBRE PERSONAL
Nombre de persona Paulo Sergio Duarte
9 (RLIN) 2737
Holdings
Estatus retirado Estado de pérdida Fuente del sistema de clasificación o colocación Estado de daño No para préstamo Biblioteca de origen Biblioteca actual Ubicación en estantería Fecha de adquisición Total de préstamos Signatura topográfica completa Código de barras Visto por última vez Precio de reemplazo Tipo de ítem Koha
    Clasificación Decimal Dewey     Biblioteca LadoV Biblioteca LadoV   22/05/2015   708 D 541a 000728 22/05/2015 22/05/2015 Material 01